[Event "16th WCh U20 Girls"]
[Site "Kozhikode IND"]
[Date "1998.11.27"]
[Round "10"]
[White "Ciuksyte, Zivile"]
[Black "Nguyen Thi Tuong Van"]
[Result "1/2-1/2"]
[WhiteElo "2120"]
[BlackElo "2220"]
[EventDate "1998.11.17"]
[PlyCount "107"]

1.e4 c5 2.Nf3 Nc6 3.d4 cxd4 4.Nxd4 Nf6 5.Nc3 g6 6.Be3 Bg7 7.Be2 O-O 8.Nb3 
a5 9.a4 Nb4 10.Qd2 d6 11.f3 Bd7 12.O-O Qc7 13.Rac1 Rfd8 14.Nd4 b6 15.Ncb5 
Qb7 16.c3 Na6 17.b4 Nb8 18.Bd1 Nc6 19.Qf2 Ne5 20.Qe2 d5 21.Bf4 Nc4 22.exd5
Nxd5 23.Qxc4 Nxf4 24.Bb3 e6 25.Ne2 Nd5 26.Qe4 Rab8 27.bxa5 bxa5 28.c4 Nb4 
29.Qxb7 Rxb7 30.Rfd1 Rdb8 31.Nd6 Ra7 32.Nb5 Rab7 33.Nd6 Nd3 34.Nxb7 Nxc1 
35.Rxd7 Nxb3 36.Nd6 Nc5 37.Ra7 Nd3 38.Rb7 Rf8 39.Kf1 Be5 40.Ne4 Rc8 41.Nd2
Bg7 42.Rb5 Bh6 43.Ne4 Rxc4 44.Rxa5 f5 45.Ra8+ Kg7 46.Ra7+ Kf8 47.Nf6 Rb4 
48.Nxh7+ Ke8 49.Nf6+ Kf8 50.Nd7+ Kg8 51.Nf6+ Kf8 52.Nh7+ Kg8 53.Nf6+ Kf8 
54.Nh7+ 1/2-1/2

[Event "16th WCh U20 Girls"]
[Site "Kozhikode IND"]
[Date "1998.11.27"]
[Round "10"]
[White "Kouvatsou, Maria"]
[Black "Sheldon, Ruth"]
[Result "1/2-1/2"]
[WhiteElo "2120"]
[BlackElo "2220"]
[EventDate "1998.11.17"]
[PlyCount "32"]

1.e4 c5 2.c3 e6 3.d4 d5 4.exd5 exd5 5.Bd3 Nc6 6.Ne2 cxd4 7.cxd4 Bg4 8.f3 
Bh5 9.O-O Bd6 10.Bf4 Nge7 11.Nbc3 O-O 12.Kh1 Re8 13.Rc1 Bg6 14.a3 Qb8 15.
Bxd6 Qxd6 16.Qd2 Rac8 1/2-1/2

[Event "16th WCh U20 Girls"]
[Site "Kozhikode IND"]
[Date "1998.11.27"]
[Round "10"]
[White "Khamrakulova, Iroda"]
[Black "Humpy, Koneru"]
[Result "1-0"]
[WhiteElo "2145"]
[BlackElo "2140"]
[EventDate "1998.11.17"]
[PlyCount "71"]

1.e4 e6 2.d4 d5 3.exd5 exd5 4.Nf3 Nf6 5.Bd3 c5 6.c3 c4 7.Be2 Bd6 8.O-O O-O
9.b3 cxb3 10.axb3 Bg4 11.Ba3 Nc6 12.h3 Bh5 13.Ne5 Bxe2 14.Qxe2 Qc7 15.f4 
Rfe8 16.Qd3 Ne4 17.Bxd6 Qxd6 18.Nd2 Nxd2 19.Qxd2 f6 20.Nd3 Re4 21.Nc5 Re7 
22.f5 b6 23.Ne6 Na5 24.Rab1 Nb7 25.Qd3 Qc6 26.Qf3 b5 27.c4 Rd7 28.cxd5 Qd6
29.Rbc1 Rb8 30.Nf4 Na5 31.Rc5 a6 32.Qc3 Qb6 33.Ne6 Kf7 34.Ra1 Nb7 35.Rc6 
b4 36.Qg3 1-0

[Event "16th WCh U20 Girls"]
[Site "Kozhikode IND"]
[Date "1998.11.27"]
[Round "10"]
[White "Miloradovic, Jelena"]
[Black "Smajlovic, Lejla"]
[Result "1-0"]
[WhiteElo "2130"]
[BlackElo "2105"]
[EventDate "1998.11.17"]
[PlyCount "67"]

1.c4 Nf6 2.Nc3 e5 3.Nf3 d6 4.d4 exd4 5.Nxd4 Be7 6.e4 Nc6 7.Nc2 a5 8.Be2 
O-O 9.O-O h6 10.b3 Re8 11.Bb2 Bf8 12.f3 Ne5 13.Ne3 Ng6 14.Qd2 Bd7 15.Rfe1 
Nf4 16.Bf1 Nh7 17.Kh1 Qg5 18.g3 Ne6 19.f4 Qc5 20.Bg2 Bc6 21.Ncd5 Rec8 22.
f5 Bxd5 23.Nxd5 Nd8 24.Bd4 Qc6 25.e5 Qd7 26.exd6 Bxd6 27.f6 g5 28.Ne7+ 
Bxe7 29.Rxe7 Qg4 30.Qc3 Nf8 31.h3 Qf5 32.Rf1 Qh7 33.Be4 Qh8 34.Bf5 1-0

[Event "16th WCh U20 Girls"]
[Site "Kozhikode IND"]
[Date "1998.11.27"]
[Round "10"]
[White "Dokmanovic, Nina"]
[Black "Sanchez Castillo, Sarai"]
[Result "1-0"]
[WhiteElo "2120"]
[BlackElo "2075"]
[EventDate "1998.11.17"]
[PlyCount "55"]

1.e4 e6 2.d4 d5 3.Nd2 Nf6 4.e5 Nfd7 5.Bd3 c5 6.c3 Nc6 7.Ne2 Qb6 8.Nf3 f6 
9.exf6 Nxf6 10.O-O Bd6 11.Re1 O-O 12.Ng3 cxd4 13.cxd4 Bxg3 14.hxg3 e5 15.
dxe5 Ng4 16.Be3 Qxb2 17.Re2 Qa3 18.Bc2 Qa5 19.Bf4 h6 20.e6 Qc5 21.Qd3 Nf6 
22.Bxh6 Ne7 23.Bg5 Ne4 24.Bxe7 Qxe7 25.Rxe4 dxe4 26.Qxe4 g6 27.Qxg6+ Qg7 
28.e7 1-0

[Event "16th WCh U20 Girls"]
[Site "Kozhikode IND"]
[Date "1998.11.27"]
[Round "10"]
[White "Sorli, Maja"]
[Black "Ramaswamy, Aarthie"]
[Result "0-1"]
[WhiteElo "2010"]
[BlackElo "2035"]
[EventDate "1998.11.17"]
[PlyCount "80"]

1.e4 c5 2.Nf3 Nc6 3.d4 cxd4 4.Nxd4 Nf6 5.Nc3 d6 6.Bc4 e6 7.Be3 a6 8.Bb3 
Be7 9.Qe2 O-O 10.g4 Nxd4 11.Bxd4 e5 12.Be3 Bxg4 13.f3 Be6 14.O-O-O Bxb3 
15.axb3 b5 16.Qg2 Kh8 17.Rhg1 Rg8 18.Rd2 b4 19.Ne2 a5 20.c4 bxc3 21.bxc3 
Qc7 22.Rc2 Qb7 23.Ng3 g6 24.Bh6 Qxb3 25.Nf5 Bf8 26.Qg5 Qe6 27.Rcg2 Bxh6 
28.Nxh6 Rgc8 29.Rc2 Ng8 30.Nf5 f6 31.Qg3 Ra7 32.Ne3 a4 33.Nd5 a3 34.Qf2 
Rb7 35.Ra2 Rcb8 36.Qe3 Ne7 37.c4 Nxd5 38.cxd5 Qc8+ 39.Rc2 Rc7 40.Rg2 a2 
0-1

[Event "16th WCh U20 Girls"]
[Site "Kozhikode IND"]
[Date "1998.11.28"]
[Round "11"]
[White "Lakos, Nikoletta"]
[Black "Radziewicz, Iweta"]
[Result "1-0"]
[WhiteElo "2385"]
[BlackElo "2425"]
[EventDate "1998.11.17"]
[PlyCount "80"]

1.e4 Nf6 2.e5 Nd5 3.d4 d6 4.Nf3 Bg4 5.Be2 c6 6.c4 Nb6 7.Nbd2 N8d7 8.h3 
Bxf3 9.Nxf3 dxe5 10.dxe5 e6 11.O-O h6 12.Qd4 Qc7 13.b3 Bc5 14.Qe4 Be7 15.
Rd1 a5 16.Qg4 g5 17.Be3 Nc5 18.Qh5 Nbd7 19.Bxg5 Nxe5 20.Bf4 Nxf3+ 21.Qxf3 
e5 22.Bg3 Rg8 23.Qf5 Rg5 24.Qh7 Bf8 25.h4 Rg6 26.Bh5 Re6 27.Re1 Qe7 28.
Rxe5 Rxe5 29.Bxe5 Qxe5 30.Qxf7+ Kd8 31.Qxf8+ Kc7 32.Qf7+ Kb6 33.Rb1 Rd8 
34.a3 Ne4 35.b4 a4 36.Re1 Qb2 37.Qf5 Qxf2+ 38.Qxf2+ Nxf2 39.Kxf2 Rd3 40.
c5+ Kc7 1-0

[Event "16th WCh U20 Girls"]
[Site "Kozhikode IND"]
[Date "1998.11.28"]
[Round "11"]
[White "Khamrakulova, Iroda"]
[Black "Miroslawska, Monika"]
[Result "0-1"]
[WhiteElo "2145"]
[BlackElo "2470"]
[EventDate "1998.11.17"]
[PlyCount "114"]

1.e4 e6 2.d3 d5 3.Nd2 c5 4.g3 Nc6 5.Bg2 Nge7 6.Ngf3 g6 7.O-O Bg7 8.Nh4 O-O
9.f4 b6 10.Re1 a5 11.a4 Ra7 12.e5 g5 13.fxg5 Nxe5 14.Ndf3 N5c6 15.c3 e5 
16.Qc2 Ng6 17.Bd2 Be6 18.Rad1 Qd6 19.Bc1 Rb7 20.Kh1 Kh8 21.Rf1 Qd7 22.Rde1
Nge7 23.Rf2 Rbb8 24.Ref1 Nc8 25.Ng1 Nd6 26.h3 Ne7 27.g4 Rbc8 28.Ne2 c4 29.
d4 Ne4 30.Rf3 Nc6 31.Nf5 Bxf5 32.gxf5 exd4 33.f6 d3 34.fxg7+ Kxg7 35.Qd1 
dxe2 36.Qxe2 Rce8 37.Qe1 Ne5 38.Re3 Nd3 39.Qh4 Nxc1 40.Rxc1 Re6 41.Rd1 Qe7
42.Rde1 Re8 43.Bxe4 Rxe4 44.Rxe4 dxe4 45.Qh6+ Kg8 46.Qxb6 e3 47.Qc6 e2 48.
Qxc4 Qe3 49.Qg4 Re5 50.Qc8+ Kg7 51.Qg4 Kg6 52.Qg1 Qxh3+ 53.Qh2 Qf3+ 54.Qg2
Qe3 55.Qc6+ Re6 56.Qg2 Re4 57.Qh2 Qf3+ 0-1

[Event "16th WCh U20 Girls"]
[Site "Kozhikode IND"]
[Date "1998.11.28"]
[Round "11"]
[White "Xu Yuanyuan"]
[Black "Hoang Thanh Trang"]
[Result "0-1"]
[WhiteElo "2240"]
[BlackElo "2350"]
[EventDate "1998.11.17"]
[PlyCount "64"]

1.d4 f5 2.g3 g6 3.Bg2 Bg7 4.Nf3 Nf6 5.b4 O-O 6.c4 d6 7.Bb2 c5 8.bxc5 dxc5 
9.e3 Ne4 10.O-O Nc6 11.Nbd2 Qa5 12.Nxe4 fxe4 13.Nd2 cxd4 14.exd4 Bg4 15.
Qc2 Qh5 16.Qxe4 Rad8 17.Nb3 a5 18.a4 Bf3 19.Qe3 Rd6 20.Rab1 g5 21.d5 Bxb2 
22.dxc6 Rh6 23.h4 gxh4 24.Bxf3 Rxf3 25.cxb7 Rf8 26.Qxe7 Bg7 27.Qc5 Qg4 28.
Qd5+ Kh8 29.Qg2 Be5 30.Rbe1 Bc7 31.Re4 Qg7 32.Nc5 hxg3 0-1

[Event "16th WCh U20 Girls"]
[Site "Kozhikode IND"]
[Date "1998.11.28"]
[Round "11"]
[White "Dworakowska, Joanna"]
[Black "Kouvatsou, Maria"]
[Result "1-0"]
[WhiteElo "2390"]
[BlackElo "2120"]
[EventDate "1998.11.17"]
[PlyCount "55"]

1.e4 c5 2.Nf3 e6 3.d4 cxd4 4.Nxd4 Nf6 5.Nc3 d6 6.g4 h6 7.h3 a6 8.Bg2 Nc6 
9.Be3 Rb8 10.f4 Qc7 11.O-O Be7 12.g5 hxg5 13.fxg5 Nd7 14.g6 Bf6 15.Ndb5 
axb5 16.Nxb5 Qa5 17.Nxd6+ Kf8 18.Nxf7 Rh5 19.Qd6+ Ne7 20.Qxe6 Qa6 21.Nd6 
Ne5 22.Rxf6+ gxf6 23.Qxf6+ Kg8 24.Qxe7 Qe2 25.Qd8+ Kg7 26.Ne8+ Kg8 27.Nf6+
Kg7 28.Nxh5+ 1-0

[Event "16th WCh U20 Girls"]
[Site "Kozhikode IND"]
[Date "1998.11.28"]
[Round "11"]
[White "Swathi, Gathe"]
[Black "Werner, Isabel"]
[Result "0-1"]
[WhiteElo "2190"]
[BlackElo "2195"]
[EventDate "1998.11.17"]
[PlyCount "97"]

1.e4 c5 2.Nf3 d6 3.d4 Nf6 4.Nc3 cxd4 5.Nxd4 g6 6.Be3 Bg7 7.f3 O-O 8.Qd2 
Nc6 9.O-O-O Nxd4 10.Bxd4 Be6 11.g4 Qa5 12.Kb1 Rfc8 13.Nd5 Qxd2 14.Rxd2 
Nxd5 15.Bxg7 Nb4 16.a3 Rxc2 17.Rxc2 Nxc2 18.Bc3 Ne3 19.Be2 Bc4 20.Bxc4 
Nxc4 21.Kc2 f6 22.Kd3 Rc8 23.h4 Ne5+ 24.Ke3 Kf7 25.Rg1 Nc4+ 26.Kd3 e5 27.
a4 Nb6 28.a5 Na4 29.Rb1 Nc5+ 30.Ke3 Nb3 31.Rd1 Ke6 32.f4 exf4+ 33.Kxf4 Rc4
34.Ke3 Ra4 35.Rf1 Nxa5 36.Rxf6+ Ke7 37.Rf2 Nb3 38.Bf6+ Ke6 39.g5 d5 40.
exd5+ Kxd5 41.Rf4 Rxf4 42.Kxf4 Nd4 43.Kg4 Ke4 44.Bd8 Nc6 45.Bf6 a5 46.Bc3 
a4 47.h5 b5 48.hxg6 hxg6 49.Be1 0-1

[Event "16th WCh U20 Girls"]
[Site "Kozhikode IND"]
[Date "1998.11.28"]
[Round "11"]
[White "Nguyen Thi Tuong Van"]
[Black "Dokmanovic, Nina"]
[Result "1-0"]
[WhiteElo "2220"]
[BlackElo "2120"]
[EventDate "1998.11.17"]
[PlyCount "73"]

1.e4 e5 2.Nc3 Nc6 3.g3 Bc5 4.Bg2 d6 5.Na4 Nge7 6.Ne2 O-O 7.O-O a6 8.Nxc5 
dxc5 9.d3 Be6 10.Be3 b6 11.c3 Qd7 12.Qc2 Rad8 13.Rad1 Qc8 14.f4 f6 15.b3 
Rd6 16.f5 Bf7 17.g4 Rfd8 18.Rd2 Qd7 19.Rfd1 Qe8 20.Nc1 R8d7 21.Rf1 Nd8 22.
h4 Nb7 23.Bh3 Rd8 24.Rg2 b5 25.g5 fxg5 26.Rxg5 Kh8 27.Kh2 Ng8 28.Qg2 g6 
29.fxg6 Rxg6 30.Rff5 Rxg5 31.Qxg5 Rd6 32.Rxe5 Qc6 33.Qf4 Rf6 34.Rf5 Bg6 
35.Rxf6 Qxf6 36.Qxc7 Nd8 37.Qxc5 1-0

[Event "16th WCh U20 Girls"]
[Site "Kozhikode IND"]
[Date "1998.11.28"]
[Round "11"]
[White "Shah, Pallavi G."]
[Black "Le Thi Phuong Lien"]
[Result "1-0"]
[WhiteElo "2130"]
[BlackElo "2135"]
[EventDate "1998.11.17"]
[PlyCount "31"]

1.e4 c6 2.d4 d5 3.exd5 cxd5 4.c4 Nf6 5.Nc3 e6 6.Nf3 Be7 7.cxd5 Nxd5 8.Bd3 
O-O 9.O-O Nxc3 10.bxc3 Qc7 11.Ne5 Qxc3 12.Rb1 Nc6 13.Rb3 Qxd4 14.Nxc6 Qc5 
15.Nxe7+ Qxe7 16.Ba3 1-0

[Event "16th WCh U20 Girls"]
[Site "Kozhikode IND"]
[Date "1998.11.28"]
[Round "11"]
[White "Meenakshi, Subbaraman"]
[Black "Miloradovic, Jelena"]
[Result "1-0"]
[WhiteElo "2115"]
[BlackElo "2130"]
[EventDate "1998.11.17"]
[PlyCount "89"]

1.d4 d5 2.c4 e6 3.Nc3 Nf6 4.cxd5 exd5 5.Bg5 c6 6.Qc2 Be7 7.e3 Nbd7 8.Bd3 
Nh5 9.Bxe7 Qxe7 10.Nge2 g6 11.O-O O-O 12.Rab1 a5 13.a3 Nb6 14.b4 Nc4 15.
Qc1 axb4 16.axb4 b5 17.Ng3 Nxg3 18.hxg3 f5 19.Re1 Qd6 20.Qd1 Ra7 21.Bxc4 
dxc4 22.d5 Qf6 23.Qd4 Ra3 24.Ne2 Bb7 25.Qb6 Rf7 26.Nd4 Ra6 27.Qc5 Rd7 28.
dxc6 Bxc6 29.Nxb5 Bxb5 30.Qxb5 Qe6 31.Ra1 Rb6 32.Qc5 Kg7 33.Ra8 Qd6 34.
Qxc4 Rxb4 35.Qc3+ Kh6 36.Ra2 Rbb7 37.Kh2 Qb4 38.Qa1 Rd3 39.Rc2 Ra3 40.Qc1 
Rba7 41.e4+ Kg7 42.exf5 Ra1 43.Rc7+ Kf6 44.Qc6+ Kxf5 45.Qe6+ 1-0

[Event "16th WCh U20 Girls"]
[Site "Kozhikode IND"]
[Date "1998.11.28"]
[Round "11"]
[White "Ramaswamy, Aarthie"]
[Black "Houska, Jovanka"]
[Result "1/2-1/2"]
[WhiteElo "2035"]
[BlackElo "2190"]
[EventDate "1998.11.17"]
[PlyCount "133"]

1.e4 d5 2.exd5 Nf6 3.d4 Nxd5 4.Nf3 g6 5.g3 Bg7 6.Bg2 O-O 7.O-O c6 8.c3 Nd7
9.Nbd2 a6 10.c4 Nc7 11.Re1 c5 12.Nb3 cxd4 13.Nbxd4 e5 14.Nc2 Ne6 15.Be3 
Qc7 16.Qe2 b6 17.Nxe5 Nxe5 18.Bxa8 Bb7 19.Bxb7 Qxb7 20.f4 Nf3+ 21.Kf2 Nxe1
22.Rxe1 Bxb2 23.Rb1 Bg7 24.Qf3 Qc7 25.Qe2 Nc5 26.Nb4 Ne4+ 27.Kf1 b5 28.
Nxa6 Qc8 29.cxb5 Nc3 30.Rc1 Qh3+ 31.Qg2 Qf5 32.Nc5 Re8 33.Bf2 Nxa2 34.Re1 
Rxe1+ 35.Bxe1 Qxc5 36.Qa8+ Bf8 37.Qxa2 Qxb5+ 38.Qe2 Qb7 39.Kg1 h5 40.Bf2 
Bh6 41.Bd4 Qb1+ 42.Kg2 Qf5 43.Qe8+ Bf8 44.Qe5 Qxe5 45.Bxe5 Be7 46.Kf3 f6 
47.Bc3 Kf7 48.h3 Ke6 49.g4 Bd6 50.gxh5 gxh5 51.Bxf6 Kxf6 52.h4 Kf5 53.Kg2 
Be7 54.Kg3 Bf6 55.Kh3 Ke4 56.Kg3 Ke3 57.f5 Be5+ 58.Kg2 Bf6 59.Kg3 Ke2 60.
Kg2 Ke1 61.Kg1 Be5 62.Kg2 Bd4 63.f6 Bxf6 64.Kg1 Bd4+ 65.Kg2 Ke2 66.Kh2 Kf1
67.Kh1 1/2-1/2

[Event "16th WCh U20 Girls"]
[Site "Kozhikode IND"]
[Date "1998.11.29"]
[Round "12"]
[White "Lakos, Nikoletta"]
[Black "Dworakowska, Joanna"]
[Result "0-1"]
[WhiteElo "2385"]
[BlackElo "2390"]
[EventDate "1998.11.17"]
[PlyCount "49"]

1.e4 c5 2.Nf3 d6 3.d4 cxd4 4.Nxd4 Nf6 5.Nc3 a6 6.Be3 e5 7.Nf3 Be6 8.a4 
Nbd7 9.Ng5 Rc8 10.Nxe6 fxe6 11.Be2 Be7 12.Bh5+ g6 13.Bg4 Kf7 14.O-O Re8 
15.a5 Nf8 16.Bh3 Kg8 17.g4 Rc4 18.Bg2 Qc7 19.Qd3 Rc8 20.Rfb1 Rb4 21.Qd2 
Rc4 22.Qd3 N6d7 23.Rf1 Rc6 24.f4 Bd8 25.g5 0-1

[Event "16th WCh U20 Girls"]
[Site "Kozhikode IND"]
[Date "1998.11.29"]
[Round "12"]
[White "Miroslawska, Monika"]
[Black "Nguyen Thi Tuong Van"]
[Result "0-1"]
[WhiteElo "2470"]
[BlackElo "2220"]
[EventDate "1998.11.17"]
[PlyCount "84"]

1.Nf3 g6 2.d4 Bg7 3.c4 Nf6 4.g3 d5 5.Bg2 O-O 6.O-O Nbd7 7.cxd5 Nxd5 8.e4 
N5b6 9.Qc2 e5 10.Bg5 Qe8 11.d5 f5 12.exf5 gxf5 13.Nc3 Qh5 14.Bh4 e4 15.Ne1
Ne5 16.f3 Nbc4 17.Nd1 e3 18.Nd3 Nd2 19.Nf4 Qf7 20.Nxe3 Nxf1 21.Nxf1 c6 22.
Rd1 cxd5 23.Nxd5 Be6 24.Ne7+ Kh8 25.f4 Ng6 26.Nxg6+ hxg6 27.b3 Rac8 28.Qf2
b5 29.Ne3 Rfe8 30.Nd5 Bxd5 31.Bxd5 Qc7 32.Qf1 Qc2 33.Bg5 Qe2 34.Qf2 Qxf2+ 
35.Kxf2 Rc2+ 36.Kf3 Rc3+ 37.Kf2 Rc2+ 38.Kf3 Rec8 39.Rd3 Kh7 40.a4 bxa4 41.
bxa4 Rb2 42.Rb3 Rc1 0-1

[Event "16th WCh U20 Girls"]
[Site "Kozhikode IND"]
[Date "1998.11.29"]
[Round "12"]
[White "Hoang Thanh Trang"]
[Black "Werner, Isabel"]
[Result "1/2-1/2"]
[WhiteElo "2350"]
[BlackElo "2195"]
[EventDate "1998.11.17"]
[PlyCount "47"]

1.d4 d6 2.c4 e5 3.Nf3 exd4 4.Nxd4 g6 5.g3 Bg7 6.Bg2 Ne7 7.O-O O-O 8.Nc3 
Nbc6 9.Nxc6 bxc6 10.Bd2 Be6 11.b3 Qd7 12.Rc1 Bh3 13.Bxh3 Qxh3 14.Ne4 c5 
15.Bc3 Qf5 16.Qc2 Rfe8 17.Bxg7 Kxg7 18.Nc3 Qxc2 19.Rxc2 Nc6 20.e3 Rab8 21.
Rd1 f6 22.Kg2 Kf7 23.Rcd2 a6 24.Nd5 1/2-1/2

[Event "16th WCh U20 Girls"]
[Site "Kozhikode IND"]
[Date "1998.11.29"]
[Round "12"]
[White "Vijayalakshmi, Subbaraman"]
[Black "Khamrakulova, Iroda"]
[Result "1-0"]
[WhiteElo "2335"]
[BlackElo "2145"]
[EventDate "1998.11.17"]
[PlyCount "247"]

1.c4 c5 2.Nc3 Nc6 3.Nf3 g6 4.e3 Bg7 5.Be2 Nf6 6.O-O O-O 7.d4 cxd4 8.exd4 
d5 9.Be3 Bf5 10.Rc1 dxc4 11.Bxc4 Rc8 12.Qa4 a6 13.Be2 Qd6 14.Rfd1 Nb4 15.
Qb3 b5 16.Ne1 Ng4 17.Bxg4 Bxg4 18.f3 Bf5 19.d5 Rc4 20.g4 Bc8 21.Ne4 Qb8 
22.a3 Nxd5 23.Rxc4 Nxe3 24.Rxc8 Qxc8 25.Qxe3 Bxb2 26.Rb1 Bg7 27.Kg2 Qc4 
28.Rc1 Qe6 29.Qd3 Qb6 30.Rd1 Qa5 31.Nc2 e6 32.g5 Qa4 33.Nc3 Qh4 34.Qe3 h6 
35.Ne4 Rc8 36.Ne1 hxg5 37.Qxg5 Qxg5+ 38.Nxg5 Rc3 39.Rd3 Rxd3 40.Nxd3 Bf8 
41.Nb4 a5 42.Nc2 b4 43.axb4 axb4 44.Nd4 e5 45.Nb3 Be7 46.Ne4 Kf8 47.Kf2 
Ke8 48.Ke3 Kd7 49.Kd3 Ke6 50.Ng3 Kd5 51.Nf1 Bg5 52.Nbd2 f5 53.Ne3+ Kc5 54.
Nb3+ Kb5 55.Nd5 Bh4 56.h3 Bd8 57.Ne3 Bg5 58.Nd1 Bf6 59.Nd2 Kc5 60.Ne3 Kb5 
61.Nec4 Kc5 62.Na5 Kb5 63.Nab3 Be7 64.Kc2 Bg5 65.Kd3 Be7 66.Na1 Bg5 67.
Nab3 Bf6 68.Nc1 Bg5 69.Ndb3 Bf6 70.Ne2 Bg5 71.Ng3 Bf6 72.Nd2 Bh4 73.Ngf1 
Be7 74.Ne3 Bg5 75.Ndc4 Bf6 76.Nd5 e4+ 77.fxe4 fxe4+ 78.Ke3 Kxc4 79.Nxf6 b3
80.Nxe4 b2 81.Nd2+ Kd5 82.Kf4 Kd4 83.Nb1 Kd3 84.Na3 Kc3 85.Ke3 Kb3 86.Nb1 
Kc4 87.Ke4 Kb3 88.Kd3 Kb4 89.Nd2 Kc5 90.Ke4 Kb4 91.Kd4 Kb5 92.Nc4 b1=N 93.
Ne5 Nd2 94.Nxg6 Kc6 95.Ke3 Nc4+ 96.Kf4 Kd6 97.Kf5 Ne3+ 98.Kf6 Nd5+ 99.Kf7 
Ne3 100.h4 Ng4 101.h5 Kd5 102.Nf8 Ke5 103.Kg6 Kf4 104.Nd7 Kg3 105.Nf6 Ne5+
106.Kg7 Nf3 107.h6 Ng5 108.Ne4+ Nxe4 109.h7 Nd6 110.h8=Q Nf5+ 111.Kf6 Nh4 
112.Qb8+ Kf2 113.Qh2+ Ng2 114.Kf5 Kf3 115.Qh3+ Kf2 116.Qd3 Ne3+ 117.Ke4 
Ng2 118.Qd2+ Kg3 119.Qg5+ Kf2 120.Qc5+ Kg3 121.Qg1 Kh3 122.Kf3 Nh4+ 123.
Kf2 Nf5 124.Qg5 1-0

[Event "16th WCh U20 Girls"]
[Site "Kozhikode IND"]
[Date "1998.11.29"]
[Round "12"]
[White "Xu Yuanyuan"]
[Black "Sheldon, Ruth"]
[Result "1/2-1/2"]
[WhiteElo "2240"]
[BlackElo "2220"]
[EventDate "1998.11.17"]
[PlyCount "106"]

1.d4 Nf6 2.c4 g6 3.g3 Bg7 4.Bg2 O-O 5.Nf3 d6 6.O-O Nc6 7.d5 Na5 8.Nbd2 c5 
9.e4 a6 10.Rb1 b5 11.cxb5 axb5 12.b4 Nc4 13.bxc5 dxc5 14.Qc2 Qa5 15.Nxc4 
bxc4 16.Bb2 Qa4 17.Qc3 Bd7 18.Nd2 Rfb8 19.Qxc4 Nxe4 20.Qxa4 Bxa4 21.Bxg7 
Nxd2 22.Rxb8+ Rxb8 23.Be5 Nxf1 24.Bxb8 Nd2 25.Ba7 c4 26.Bd4 Nb1 27.Kf1 c3 
28.Ke1 Kf8 29.h4 h5 30.Bf1 Ke8 31.Bd3 c2 32.Bb2 Kd7 33.Bc4 Kd6 34.Ke2 Nc3+
35.Kd3 Nxd5 36.Ba3+ Kc6 37.Bb3 Bxb3 38.axb3 Nf6 39.Kxc2 Ne4 40.Bxe7 Nxf2 
41.Bg5 Ne4 42.Bf4 Kd5 43.Kd3 Nc5+ 44.Kc3 f6 45.b4 Ne6 46.Kd3 Nd4 47.Bd2 
Nf5 48.Bc3 Ke6 49.b5 Nxg3 50.b6 Kd6 51.Bxf6 Kc6 52.Bd8 Nf5 53.Ke4 Nxh4 
1/2-1/2

[Event "16th WCh U20 Girls"]
[Site "Kozhikode IND"]
[Date "1998.11.29"]
[Round "12"]
[White "Dokmanovic, Nina"]
[Black "Jackova, Jana"]
[Result "0-1"]
[WhiteElo "2120"]
[BlackElo "2205"]
[EventDate "1998.11.17"]
[PlyCount "108"]

1.e4 e5 2.Nf3 Nc6 3.Bc4 Bc5 4.c3 Qe7 5.O-O d6 6.d3 a6 7.Bb3 Nf6 8.Nbd2 h6 
9.Re1 Nh5 10.Nc4 Qf6 11.Ne3 Ne7 12.d4 Ba7 13.Nxe5 dxe5 14.Qxh5 O-O 15.Qxe5
Qxe5 16.dxe5 Ng6 17.Nc4 b5 18.Na5 Bd7 19.Be3 Nxe5 20.Rad1 Bb6 21.Bxb6 cxb6
22.Nb7 Be6 23.Bxe6 fxe6 24.Nd6 Rad8 25.Rd2 Rd7 26.Red1 g5 27.Rd4 Rfd8 28.
Nb7 Rxd4 29.Rxd4 Rd7 30.Rxd7 Nxd7 31.Nd8 Nc5 32.f3 e5 33.Nc6 Na4 34.Nxe5 
Nxb2 35.Kf1 Nd1 36.Nd7 Nxc3 37.Nxb6 Nxa2 38.Ke2 Nb4 39.Kd2 Kf7 40.Kc3 Nc6 
41.Nd5 a5 42.g3 b4+ 43.Kb2 Ne5 44.f4 gxf4 45.gxf4 Nd3+ 46.Ka2 Nc5 47.e5 
Ke6 48.Ne3 a4 49.h3 h5 50.h4 Nd3 51.Ng2 a3 52.Ka1 b3 53.Kb1 a2+ 54.Ka1 Nb4
0-1

[Event "16th WCh U20 Girls"]
[Site "Kozhikode IND"]
[Date "1998.11.29"]
[Round "12"]
[White "Ratcu, Tatiana"]
[Black "Meenakshi, Subbaraman"]
[Result "1/2-1/2"]
[WhiteElo "2195"]
[BlackElo "2115"]
[EventDate "1998.11.17"]
[PlyCount "82"]

1.e4 e5 2.Nf3 Nc6 3.c3 Nf6 4.d3 Be7 5.Be2 O-O 6.O-O d5 7.Nbd2 Re8 8.Qc2 
Bf8 9.Re1 g6 10.b4 a6 11.Bb2 b5 12.a3 Bg7 13.Rad1 Bb7 14.Nb3 Nb8 15.Na5 
Qc8 16.Bf1 Nbd7 17.Nxb7 Qxb7 18.exd5 Nxd5 19.c4 Nf4 20.d4 e4 21.Ng5 f5 22.
Bc1 Ne6 23.Nxe6 Rxe6 24.cxb5 axb5 25.Qb3 Re8 26.Bf4 Kh8 27.d5 Rb6 28.Rc1 
Ne5 29.Rc5 g5 30.Bxg5 Bf8 31.d6 cxd6 32.Bf6+ Bg7 33.Bxg7+ Qxg7 34.Rd5 Rg8 
35.Red1 Qh6 36.Kh1 Ng4 37.Qc3+ Rg7 38.Qc8+ Rg8 39.Qc3+ Rg7 40.Qc8+ Rg8 41.
Qc3+ Rg7 1/2-1/2

[Event "16th WCh U20 Girls"]
[Site "Kozhikode IND"]
[Date "1998.11.29"]
[Round "12"]
[White "Le Thi Phuong Lien"]
[Black "Miloradovic, Jelena"]
[Result "1-0"]
[WhiteElo "2135"]
[BlackElo "2130"]
[EventDate "1998.11.17"]
[PlyCount "53"]

1.e4 c5 2.d3 g6 3.g3 Bg7 4.Bg2 e6 5.f4 Ne7 6.c3 Nbc6 7.Nf3 d5 8.e5 d4 9.c4
O-O 10.O-O Rb8 11.Nbd2 b6 12.Ne4 Bb7 13.g4 f5 14.exf6 Bxf6 15.Nxf6+ Rxf6 
16.Re1 Qd6 17.Ng5 Qd7 18.Qe2 Nd8 19.Qe5 Bxg2 20.Qxf6 Bb7 21.Nxe6 Nxe6 22.
Qxe6+ Qxe6 23.Rxe6 Kf7 24.Re1 Bc8 25.Bd2 b5 26.cxb5 Rxb5 27.b3 1-0

[Event "16th WCh U20 Girls"]
[Site "Kozhikode IND"]
[Date "1998.11.29"]
[Round "12"]
[White "Kouvatsou, Maria"]
[Black "Swati, Mohota"]
[Result "1-0"]
[WhiteElo "2120"]
[BlackElo "2100"]
[EventDate "1998.11.17"]
[PlyCount "50"]

1.e4 c6 2.d4 d5 3.exd5 cxd5 4.c4 Nf6 5.Nc3 e6 6.Nf3 Be7 7.Bd3 dxc4 8.Bxc4 
O-O 9.O-O Nc6 10.a3 a6 11.b4 b5 12.Bb3 Bb7 13.Qd3 Qd6 14.Bg5 Rfd8 15.Rad1 
Rac8 16.Rc1 Qb8 17.h3 Qa8 18.Bc2 g6 19.Bb3 Nh5 20.Qe3 Ng7 21.g4 Bxg5 22.
Nxg5 Ne7 23.Qf4 Rf8 24.Nce4 Bxe4 25.Nxe4 Ne8 1-0

[Event "16th WCh U20 Girls"]
[Site "Kozhikode IND"]
[Date "1998.11.29"]
[Round "12"]
[White "Stumberger, Tania"]
[Black "Bekiarisova, Alena"]
[Result "0-1"]
[WhiteElo "2020"]
[BlackElo "2175"]
[EventDate "1998.11.17"]
[PlyCount "76"]

1.d4 d5 2.c4 e6 3.Nc3 Be7 4.Nf3 Nf6 5.Bg5 O-O 6.e3 h6 7.Bh4 b6 8.cxd5 exd5
9.Bd3 Bb7 10.O-O Nbd7 11.Rc1 c5 12.dxc5 bxc5 13.Bb5 Nb6 14.Qe2 a6 15.Bd3 
Re8 16.Rfe1 Ne4 17.Bxe7 Rxe7 18.Qd1 Rc8 19.Be2 Nd6 20.a3 Ndc4 21.Qc2 Qe8 
22.Nd2 Ne5 23.Nf3 d4 24.Nxe5 Rxe5 25.Nd1 Rg5 26.Bf1 c4 27.Qd2 d3 28.Nc3 f5
29.Rb1 Qe7 30.g3 Nd7 31.f4 Rg6 32.Bg2 Nc5 33.Bxb7 Qxb7 34.Qg2 Rb6 35.Qxb7 
Rxb7 36.Red1 Rcb8 37.Rd2 Rb3 38.Kf1 Rxc3 0-1

[Event "16th WCh U20 Girls"]
[Site "Kozhikode IND"]
[Date "1998.11.29"]
[Round "12"]
[White "Ciuksyte, Zivile"]
[Black "Ramaswamy, Aarthie"]
[Result "0-1"]
[WhiteElo "2120"]
[BlackElo "2035"]
[EventDate "1998.11.17"]
[PlyCount "85"]

1.e4 c5 2.Nf3 Nc6 3.d4 cxd4 4.Nxd4 Nf6 5.Nc3 d6 6.Bg5 e6 7.Qd2 Be7 8.O-O-O
Nxd4 9.Qxd4 a6 10.f4 b5 11.Be2 Bb7 12.Bf3 Rc8 13.e5 Bxf3 14.exf6 gxf6 15.
gxf3 Rc4 16.Qa7 fxg5 17.Qxa6 Rxf4 18.Nxb5 d5 19.Nd4 O-O 20.Nc6 Qd6 21.
Nxe7+ Qxe7 22.Rhf1 Rb8 23.c3 Qf6 24.Qd3 Ra4 25.a3 Kg7 26.Rd2 Qg6 27.Rg1 h5
28.Qc2 Qxc2+ 29.Kxc2 Kg6 30.Ra1 Rf4 31.a4 Ra8 32.b4 Rc8 33.a5 Rxb4 34.a6 
Rbc4 35.Kd3 Ra8 36.Rb2 Rc6 37.a7 Rc7 38.Ra4 Kf5 39.Rba2 g4 40.Rf2 gxf3 41.
Rxf3+ Ke5 42.Rh4 Kd6 43.Rxh5 0-1

[Event "16th WCh U20 Girls"]
[Site "Kozhikode IND"]
[Date "1998.11.29"]
[Round "12"]
[White "Riznar, Helena"]
[Black "Sanchez Castillo, Sarai"]
[Result "1-0"]
[WhiteElo "2025"]
[BlackElo "2075"]
[EventDate "1998.11.17"]
[PlyCount "55"]

1.e4 c5 2.c3 e6 3.d4 d5 4.exd5 exd5 5.Nf3 h6 6.Be2 Nf6 7.O-O Bd6 8.h3 O-O 
9.Be3 c4 10.Nbd2 Bf5 11.b3 cxb3 12.axb3 Nc6 13.c4 Ne4 14.Nxe4 dxe4 15.Nd2 
Qf6 16.c5 Bb8 17.Nc4 Qh4 18.Bg4 Bh7 19.d5 Ne5 20.d6 Nxc4 21.bxc4 f5 22.g3 
Qf6 23.Qd5+ Kh8 24.Bh5 Bg8 25.Qxb7 Bxd6 26.cxd6 Bxc4 27.Rfc1 a6 28.Qe7 1-0

[Event "16th WCh U20 Girls"]
[Site "Kozhikode IND"]
[Date "1998.11.30"]
[Round "13"]
[White "Dworakowska, Joanna"]
[Black "Hoang Thanh Trang"]
[Result "1/2-1/2"]
[WhiteElo "2390"]
[BlackElo "2350"]
[EventDate "1998.11.17"]
[PlyCount "63"]

1.e4 e6 2.d4 d5 3.Nc3 Nf6 4.Bg5 Bb4 5.e5 h6 6.Bd2 Bxc3 7.bxc3 Ne4 8.Qg4 g6
9.Bd3 Nxd2 10.Kxd2 c5 11.h4 Nc6 12.h5 g5 13.f4 cxd4 14.cxd4 Nxd4 15.fxg5 
Qxg5+ 16.Qxg5 hxg5 17.g4 Rh6 18.Rf1 Ke7 19.Nf3 Nxf3+ 20.Rxf3 Bd7 21.Rhf1 
Be8 22.Rf6 Rxf6 23.Rxf6 a6 24.Rh6 Bb5 25.Bg6 Rf8 26.Rh7 Ke8 27.Bd3 Bxd3 
28.cxd3 Rg8 29.Kc3 Ke7 30.Kb3 b6 31.h6 Rc8 32.Kb2 1/2-1/2